LDR 00974nam a2200265 i 4500 001 000000102090 003 CaOOAMICUS 005 20260513124330.0 008 180108s1956 it u000 u ita u 013 $a74242 040 $aSeMil$bita 100 1 $aPieper, Josef,$d<1904-1997>.$0(OLS)http://semarc/name/18030 240 10$aMuße und Kult.$0(OLS)http://semarc/title/406993 245 10$aOtium e culto /$cJosef Pieper. 260 $aBrescia :$bMorcelliana,$c1956. 300 $a70 p. ;$c19 cm. 490 0 $aIl pellicano 650 4$aOzio - Filosofia.$0(OLS)http://semarc/subject/60239 830 3$aIl pellicano.$0(OLS)http://semarc/title/404225 850 $aSeMil 852 $aSeMil$W1$xVenegono$y1$m3F III 680$j58682$B58682$CSeMilBibl$Z2$F69601 $81 961 $aRecupero: Seminario di Seveso 996 $6245$aOtium e culto$9(OLS)http://semarc/title/406992 996 $6260$aBrescia :$bMorcelliana$9(OLS)http://semarc/publisher/29629